000 00269nam a22001217a 4500
003 SGT
082 _a370
_bMAK
100 _aMAKAL, RAJESH
245 _aUNDERSTANDING DISCIPLINE & SUBJECT
260 _aDELHI
_bKALA MANDEER
_c2018
300 _a348
942 _2ddc
_cBK
_03
999 _c17160
_d17160